WCW - Randy Savage's PPV Opponents - Statistics

General Stats
  • This quiz has been taken 200 times
  • The average score is 48 of 64
Answer Stats
Year Event Match Type Answer % Correct
1996 Bash at the Beach Six-Man Tag Team Match Hulk Hogan
97%
1996 Halloween Havoc Hollywood Hogan
94%
1998 Uncensored Steel Cage Match Hollywood Hogan
94%
1998 The Great American Bash Tag Team Match Hollywood Hogan
94%
1996 Bash at the Beach Six-Man Tag Team Match Kevin Nash
93%
1999 The Great American Bash Kevin Nash
93%
1999 Bash at the Beach Tag Team Match Kevin Nash
93%
1995 Slamboree Tag Team Match Ric Flair
93%
1995 The Great American Bash Ric Flair
93%
1995 Bash at the Beach Lifeguard Lumberjack Match Ric Flair
93%
1995 Starrcade Ric Flair
93%
1996 SuperBrawl VI Steel Cage Match Ric Flair
93%
1996 Uncensored 8 vs. 2 Handicap Tower of Doom Cage Match Ric Flair
93%
1996 Bash at the Beach Six-Man Tag Team Match Scott Hall
91%
1995 Halloween Havoc Lex Luger
90%
1995 World War 3 Lex Luger
90%
1996 Uncensored 8 vs. 2 Handicap Tower of Doom Cage Match Lex Luger
90%
1997 Uncensored 4 vs. 4 vs. 3 Triangle Elimination Tag Match Lex Luger
90%
1997 Fall Brawl No DQ Tag Team Match Lex Luger
90%
1998 Souled Out Lex Luger
90%
1998 SuperBrawl VIII Lex Luger
90%
1996 Uncensored 8 vs. 2 Handicap Tower of Doom Cage Match Arn Anderson
88%
1996 Slamboree Lethal Lottery Tag Team Match Arn Anderson
88%
1998 Spring Stampede No DQ Match Sting
87%
1999 Bash at the Beach Tag Team Match Sting
87%
1996 Fall Brawl The Giant
87%
1997 Uncensored 4 vs. 4 vs. 3 Triangle Elimination Tag Match The Giant
87%
1997 Road Wild The Giant
87%
1997 Spring Stampede No DQ Match Diamond Dallas Page
85%
1997 The Great American Bash Falls Count Anywhere Match Diamond Dallas Page
85%
1997 Bash at the Beach Tag Team Match Diamond Dallas Page
85%
1997 Fall Brawl No DQ Tag Team Match Diamond Dallas Page
85%
1997 Hallowen Havoc Las Vegas Deathmatch Diamond Dallas Page
85%
1996 Uncensored 8 vs. 2 Handicap Tower of Doom Cage Match Kevin Sullivan
82%
1995 Fall Brawl 4 vs. 4 WarGames Match Meng
79%
1996 Uncensored 8 vs. 2 Handicap Tower of Doom Cage Match Meng
79%
1997 Uncensored 4 vs. 4 vs. 3 Triangle Elimination Tag Match Scott Steiner
79%
1997 Starrcade Six-Man Tag Team Match Scott Steiner
79%
1997 Uncensored 4 vs. 4 vs. 3 Triangle Elimination Tag Match Chris Benoit
78%
1997 Starrcade Six-Man Tag Team Match Rick Steiner
78%
1997 Uncensored 4 vs. 4 vs. 3 Triangle Elimination Tag Match Roddy Piper
73%
1998 The Great American Bash Roddy Piper
73%
1998 Slamboree Bret Hart
72%
1998 The Great American Bash Tag Team Match Bret Hart
72%
1995 Fall Brawl 4 vs. 4 WarGames Match Shark
71%
1995 Slamboree Tag Team Match Vader
70%
1995 Fall Brawl 4 vs. 4 WarGames Match Zodiac
67%
1996 Uncensored 8 vs. 2 Handicap Tower of Doom Cage Match The Barbarian
66%
1995 Halloween Havoc Zodiac
66%
1995 Fall Brawl 4 vs. 4 WarGames Match Kamala
62%
1997 Uncensored 4 vs. 4 vs. 3 Triangle Elimination Tag Match Steve McMichael
62%
1997 Uncensored 4 vs. 4 vs. 3 Triangle Elimination Tag Match Jeff Jarrett
60%
1996 Uncensored 8 vs. 2 Handicap Tower of Doom Cage Match Z-Gangsta
59%
1997 Bash at the Beach Tag Team Match Curt Hennig
55%
1996 Uncensored 8 vs. 2 Handicap Tower of Doom Cage Match The Ultimate Solution
55%
1996 Slamboree Lethal Lottery Tag Team Match Eddie Guerrero
48%
1997 Starrcade Six-Man Tag Team Match Ray Traylor
48%
1999 Road Wild Dennis Rodman
47%
1995 SuperBrawl V Tag Team Match Avalanche
37%
1995 Uncensored Avalanche
37%
1995 SuperBrawl V Tag Team Match Big Bubba Rogers
33%
1996 Slamboree Lethal Lottery Tag Team Match Rocco Rock
16%
1995 Starrcade Hiroyoshi Tenzan
14%
1996 Slamboree Lethal Lottery Tag Team Match Johnny Grunge
14%
No matching quizzes found
Score Distribution
Percent of People with Each Score
Percentile by Number Answered
Your Score History
You have not taken this quiz